000 00451nam a2200169Ia 4500
005 20250423094827.0
008 250422s9999 xx 000 0 und d
020 _a0895770105
050 _aTH 4817.3 .C66/
245 0 _aComplete do-it-yourself manual
260 _aPleasantville
260 _bReader’s Digest Association
260 _c1991
300 _a600 p
650 _aDwellings_Maintenance and repair_Amateurs’ manuals.
942 _cBK
999 _c28411
_d28411